000 00304nam a22001337a 4500
008 181218b xxu||||| |||| 00| 0 eng d
020 _a9780397323616
041 _aeng
080 _a910
100 _a42
101 _aGJEO
245 _aThe Land and People of South Africa
_cPaton,J
942 _2udc
_cBK
999 _c53344
_d53344